00898nam a22002537a 4500003000500000005001700005008004100022010001000063011001000073035001000083040000900093100003500102245017600137260005800313300001000371490002800381500010300409650002300512650001800535650003000553700001800583700001500601830002800616CHAP20220329140127.0971013s1980 r 00010 d a47394 a48366 a52511 cCHAP00aVan Der Mersch Greer, Charles. aComparación de cipermetrina bajo 3 dosis y 2 calendarios de aplicación con otros insecticidas en aplicaciones aéreas sobre algodón en Sonora, México durante 1979 aMéxico, D.F. :bImperial Chemical Industries,c1980 a12 h. aInformación técnica aPresentado como ponencia en: Congreso Nacoinal de Entomología. 15, San Luis Potosi, S.L.P., 198014aAlgodónxPlagas.14aInsecticidas.14aPiretro como insecticida.0 aLlamas, J. S.0 aMorton, N.0 aInformación técnica